[Event "DVM U14 2021"]
[Site "Willingen GER"]
[Date "2022.08.13"]
[Round "1"]
[White "Marcziter, Alex"]
[Black "Lipinsky, Pierre"]
[Result "1-0"]
[Termination "normal"]
[Board "5.3"]
[WhiteElo "1466"]
[BlackElo "1560"]
[WhiteClock "01:30:30"]
[BlackClock "00:35:25"]
[WhiteTeam "Schachgemeinschaft Porz"]
[BlackTeam "SK Tarrasch 1945 München"]
[PlyCount "53"]
[WhiteFideId "16258126"]
[BlackFideId "16206290"]
[EventCountry "GER"]
[EventRounds "7"]
[EventType "team-swiss"]
[EventDate "2022.08.12"]

1. e4 {[%clk 01:30:59]} {[%emt 00:00:05]} c5 {[%clk 01:30:42]} 2. Nc3 {[%clk
01:31:14]} d6 {[%clk 01:30:04]} 3. g3 {[%clk 01:31:16]} Nf6 {[%clk 01:28:56]}
4. Bg2 {[%clk 01:31:21]} Nc6 {[%clk 01:26:44]} 5. d3 {[%clk 01:29:41]} e6
{[%clk 01:23:26]} 6. Nh3 {[%clk 01:26:22]} h6 {[%clk 01:21:52]} 7. f4 {[%clk
01:19:15]} Bd7 {[%clk 01:20:11]} 8. O-O {[%clk 01:17:44]} Qc8 {[%clk 01:17:26]}
9. Nf2 {[%clk 01:15:34]} Be7 {[%clk 01:10:02]} 10. g4 {[%clk 01:08:53]} e5
{[%clk 01:08:15]} 11. f5 {[%clk 00:58:48]} g6 {[%clk 01:04:24]} 12. Kh1 {[%clk
00:48:29]} h5 {[%clk 01:01:19]} 13. g5 {[%clk 00:43:30]} Ng4 {[%clk 00:57:31]}
14. Nxg4 {[%clk 00:43:47]} hxg4 {[%clk 00:57:20]} 15. Qxg4 {[%clk 00:42:19]}
Nd4 {[%clk 00:50:49]} 16. Rf2 {[%clk 00:40:59]} gxf5 {[%clk 00:50:13]} 17. exf5
{[%clk 00:41:06]} Bxf5 {[%clk 00:49:20]} 18. Qg3 {[%clk 00:36:45]} Qd7 {[%clk
00:46:43]} 19. Be3 {[%clk 00:35:06]} O-O-O {[%clk 00:44:41]} 20. Raf1 {[%clk
00:33:12]} Bh3 {[%clk 00:37:10]} 21. Bxd4 {[%clk 00:32:21]} cxd4 {[%clk
00:37:02]} 22. Nd5 {[%clk 00:31:18]} Bxg2+ {[%clk 00:36:42]} 23. Qxg2 {[%clk
00:17:26]} Rde8 {[%clk 00:35:47]} 24. Rxf7 {[%clk 00:12:49]} Rh5 {[%clk
00:35:19]} 25. Nf6 {[%clk 00:10:28]} Qb5 {[%clk 00:35:06]} 26. Nxe8 {[%clk
00:10:38]} Qxe8 {[%clk 00:35:25]} 27. Qg4+ {[%clk 01:30:30]} 1-0

[Event "DVM U14 2021"]
[Site "Willingen GER"]
[Date "2022.08.13"]
[Round "1"]
[White "Nitsche, Nikolai"]
[Black "Ehrig, Leon Chris"]
[Result "1/2-1/2"]
[Termination "normal"]
[Board "6.1"]
[WhiteElo "1817"]
[BlackElo "1832"]
[WhiteClock "00:00:32"]
[BlackClock "00:00:22"]
[WhiteTeam "SV Empor Berlin"]
[BlackTeam "USG Chemnitz"]
[PlyCount "52"]
[WhiteFideId "16221036"]
[BlackFideId "16244796"]
[EventCountry "GER"]
[EventRounds "7"]
[EventType "team-swiss"]
[EventDate "2022.08.12"]

1. g3 {[%clk 01:30:21]} {[%emt 00:00:03]} Nf6 {[%clk 01:31:24]} 2. Bg2 {[%clk
01:30:30]} d5 {[%clk 01:31:49]} 3. Nf3 {[%clk 01:28:45]} e6 {[%clk 01:31:53]}
4. O-O {[%clk 01:29:02]} Be7 {[%clk 01:31:21]} 5. c4 {[%clk 01:25:51]} O-O
{[%clk 01:29:34]} 6. d3 {[%clk 01:21:33]} c5 {[%clk 01:25:59]} 7. cxd5 {[%clk
01:21:33]} exd5 {[%clk 01:25:40]} 8. Re1 {[%clk 01:20:44]} Nc6 {[%clk
01:14:18]} 9. Bf4 {[%clk 01:13:10]} Qb6 {[%clk 01:04:10]} 10. Qc1 {[%clk
01:05:33]} c4 {[%clk 01:00:18]} 11. dxc4 {[%clk 01:02:55]} Bc5 {[%clk
00:58:30]} 12. e3 {[%clk 00:53:11]} Nb4 {[%clk 00:49:00]} 13. Rd1 {[%clk
00:45:41]} Bf5 {[%clk 00:47:12]} 14. Ne1 {[%clk 00:40:54]} dxc4 {[%clk
00:39:37]} 15. Qxc4 {[%clk 00:39:42]} Rac8 {[%clk 00:39:20]} 16. Qe2 {[%clk
00:35:17]} Nc2 {[%clk 00:29:27]} 17. Nxc2 {[%clk 00:35:31]} Qxb2 {[%clk
00:28:34]} 18. Nd2 {[%clk 00:26:44]} Qxc2 {[%clk 00:25:02]} 19. Bxb7 {[%clk
00:10:04]} Ba3 {[%clk 00:22:01]} 20. Bxc8 {[%clk 00:09:58]} Rxc8 {[%clk
00:16:13]} 21. Qb5 {[%clk 00:04:56]} h6 {[%clk 00:08:35]} 22. Be5 {[%clk
00:01:33]} Ng4 {[%clk 00:07:49]} 23. Bd4 {[%clk 00:01:22]} Be6 {[%clk
00:02:46]} 24. Qb1 {[%clk 00:00:53]} Qc6 {[%clk 00:03:07]} 25. Qe4 {[%clk
00:01:01]} Qd7 {[%clk 00:01:47]} 26. h3 {[%clk 00:00:32]} Bf5 {[%clk 00:00:22]}
1/2-1/2

[Event "DVM U14 2021"]
[Site "Willingen GER"]
[Date "2022.08.13"]
[Round "1"]
[White "Dickel, Karl-Joachim"]
[Black "Jankowski, Antek"]
[Result "0-1"]
[Termination "normal"]
[Board "6.4"]
[WhiteElo "1178"]
[BlackElo "1119"]
[WhiteClock "00:51:59"]
[BlackClock "00:18:07"]
[WhiteTeam "USG Chemnitz"]
[BlackTeam "SV Empor Berlin"]
[PlyCount "80"]
[WhiteFideId "34630120"]
[BlackFideId "21076642"]
[EventCountry "GER"]
[EventRounds "7"]
[EventType "team-swiss"]
[EventDate "2022.08.12"]

1. e4 {[%clk 01:30:59]} c6 {[%clk 01:31:28]} {[%emt 00:00:02]} 2. d4 {[%clk
01:31:19]} {[%emt 00:00:10]} d5 {[%clk 01:31:57]} {[%emt 00:00:01]} 3. e5
{[%clk 01:31:36]} {[%emt 00:00:13]} Bf5 {[%clk 01:32:23]} {[%emt 00:00:04]} 4.
Nf3 {[%clk 01:31:45]} {[%emt 00:00:20]} e6 {[%clk 01:32:28]} {[%emt 00:00:26]}
5. Nc3 {[%clk 01:31:42]} {[%emt 00:00:33]} c5 {[%clk 01:31:28]} {[%emt
00:01:30]} 6. Bb5+ {[%clk 01:30:40]} {[%emt 00:01:32]} Nc6 {[%clk 01:31:39]}
{[%emt 00:00:19]} 7. Bxc6+ {[%emt 00:00:10]} bxc6 {[%clk 01:32:03]} {[%emt
00:00:04]} 8. Be3 {[%clk 01:29:37]} {[%emt 00:01:54]} cxd4 {[%clk 01:29:09]}
{[%emt 00:03:25]} 9. Nxd4 {[%clk 01:29:36]} {[%emt 00:00:31]} Qc7 {[%clk
01:20:50]} {[%emt 00:08:49]} 10. Nf3 {[%clk 01:24:18]} {[%emt 00:05:47]} Bg4
{[%clk 01:20:04]} {[%emt 00:01:16]} 11. Qd4 {[%clk 01:21:03]} {[%emt 00:03:44]}
Bxf3 {[%clk 01:19:04]} {[%emt 00:01:32]} 12. gxf3 {[%clk 01:21:22]} {[%emt
00:00:09]} c5 {[%clk 01:18:34]} {[%emt 00:01:01]} 13. Qa4+ {[%clk 01:21:45]}
{[%emt 00:00:07]} Qd7 {[%clk 01:18:23]} {[%emt 00:00:42]} 14. Qxd7+ {[%clk
01:20:59]} {[%emt 00:01:17]} Kxd7 {[%clk 01:18:51]} {[%emt 00:00:01]} 15. Na4
{[%clk 01:19:15]} {[%emt 00:02:15]} Rc8 {[%clk 01:16:35]} {[%emt 00:02:45]} 16.
Rd1 {[%clk 01:17:35]} {[%emt 00:02:08]} f6 {[%clk 01:14:56]} {[%emt 00:02:11]}
17. f4 {[%clk 01:16:21]} {[%emt 00:01:42]} h6 {[%clk 01:11:34]} {[%emt
00:03:53]} 18. h4 {[%clk 01:15:48]} {[%emt 00:01:03]} h5 {[%clk 01:07:40]}
{[%emt 00:04:25]} 19. exf6 {[%clk 01:11:09]} {[%emt 00:05:09]} Nxf6 {[%clk
01:06:26]} {[%emt 00:01:43]} 20. f3 {[%clk 01:11:00]} {[%emt 00:00:39]} g6
{[%clk 01:02:10]} {[%emt 00:04:46]} 21. Rg1 {[%clk 01:09:44]} {[%emt 00:01:46]}
Rg8 {[%clk 01:02:07]} {[%emt 00:00:34]} 22. c3 {[%clk 01:08:08]} {[%emt
00:02:05]} Rc7 {[%clk 00:57:41]} {[%emt 00:04:57]} 23. a3 {[%clk 01:05:35]}
{[%emt 00:03:03]} Bd6 {[%clk 00:55:15]} {[%emt 00:02:55]} 24. b4 {[%clk
01:03:51]} {[%emt 00:02:15]} cxb4 {[%clk 00:52:33]} {[%emt 00:03:12]} 25. cxb4
{[%clk 01:03:57]} {[%emt 00:00:23]} Ke7 {[%clk 00:51:55]} {[%emt 00:01:09]} 26.
Nc5 {[%clk 01:02:51]} {[%emt 00:01:35]} Nd7 {[%clk 00:44:07]} {[%emt 00:08:18]}
27. Rc1 {[%clk 01:01:50]} {[%emt 00:01:29]} Bxc5 {[%clk 00:35:34]} {[%emt
00:09:05]} 28. bxc5 {[%clk 01:01:11]} {[%emt 00:01:10]} Kf7 {[%clk 00:31:03]}
{[%emt 00:05:00]} 29. c6 {[%clk 00:56:53]} {[%emt 00:04:48]} Nb6 {[%clk
00:27:51]} {[%emt 00:03:42]} 30. Bxb6 {[%clk 00:53:57]} {[%emt 00:03:26]} axb6
{[%clk 00:28:17]} {[%emt 00:00:04]} 31. Ke2 {[%clk 00:53:25]} {[%emt 00:01:01]}
Rgc8 {[%clk 00:28:19]} {[%emt 00:00:30]} 32. Kd2 {[%clk 00:50:58]} {[%emt
00:02:57]} Rxc6 {[%clk 00:28:23]} {[%emt 00:00:26]} 33. Rge1 {[%clk 00:50:31]}
{[%emt 00:00:54]} Rxc1 {[%clk 00:28:21]} {[%emt 00:00:35]} 34. Rxc1 {[%clk
00:50:51]} {[%emt 00:00:10]} Rxc1 {[%clk 00:28:47]} {[%emt 00:00:04]} 35. Kxc1
{[%clk 00:51:13]} {[%emt 00:00:08]} Kf6 {[%clk 00:28:54]} {[%emt 00:00:22]} 36.
Kd2 {[%clk 00:51:37]} {[%emt 00:00:07]} Kf5 {[%clk 00:28:14]} {[%emt 00:01:12]}
37. Ke3 {[%clk 00:52:03]} {[%emt 00:00:02]} e5 {[%clk 00:20:47]} {[%emt
00:07:56]} 38. fxe5 {[%clk 00:52:17]} {[%emt 00:00:16]} Kxe5 {[%clk 00:21:03]}
{[%emt 00:00:14]} 39. f4+ {[%clk 00:52:40]} {[%emt 00:00:07]} Kf5 {[%clk
00:20:45]} {[%emt 00:00:48]} 40. a4 {[%clk 00:51:59]} {[%emt 00:01:12]} Kg4
{[%clk 00:18:07]} {[%emt 00:03:07]} 0-1

[Event "DVM U14 2021"]
[Site "Willingen GER"]
[Date "2022.08.13"]
[Round "1"]
[White "Bezsonna, Polina"]
[Black "Strauß, Florian"]
[Result "1-0"]
[Termination "normal"]
[Board "7.2"]
[WhiteElo "1631"]
[BlackElo "1527"]
[WhiteClock "00:02:30"]
[BlackClock "00:33:58"]
[WhiteTeam "SK Bad Homburg 1927"]
[BlackTeam "SV Multatuli Ingelheim"]
[PlyCount "93"]
[WhiteFideId "14191156"]
[BlackFideId "16298047"]
[EventCountry "GER"]
[EventRounds "7"]
[EventType "team-swiss"]
[EventDate "2022.08.12"]

1. e4 {[%clk 01:30:57]} {[%emt 00:00:02]} d5 {[%clk 01:30:53]} {[%emt
00:00:07]} 2. exd5 {[%clk 01:31:17]} {[%emt 00:00:11]} Nf6 {[%clk 01:31:18]}
{[%emt 00:00:05]} 3. d4 {[%clk 01:30:25]} {[%emt 00:01:22]} Nxd5 {[%clk
01:31:21]} {[%emt 00:00:27]} 4. Bc4 {[%clk 01:29:53]} {[%emt 00:01:02]} Nc6
{[%clk 01:30:16]} {[%emt 00:01:35]} 5. Bb3 {[%clk 01:23:23]} {[%emt 00:07:00]}
Nf6 {[%clk 01:28:52]} {[%emt 00:01:53]} 6. c3 {[%clk 01:18:01]} {[%emt
00:05:53]} Bg4 {[%clk 01:28:16]} {[%emt 00:01:05]} 7. Ne2 {[%clk 01:16:49]}
{[%emt 00:01:42]} e6 {[%clk 01:24:31]} {[%emt 00:04:15]} 8. h3 {[%clk
01:16:35]} {[%emt 00:00:44]} Bf5 {[%clk 01:22:36]} {[%emt 00:02:24]} 9. Ng3
{[%clk 01:15:45]} {[%emt 00:01:20]} Bg6 {[%clk 01:21:56]} {[%emt 00:01:10]} 10.
O-O {[%clk 01:15:31]} {[%emt 00:00:44]} Bd6 {[%clk 01:17:13]} {[%emt 00:05:14]}
11. Bg5 {[%clk 01:06:26]} {[%emt 00:09:35]} h6 {[%clk 01:17:05]} {[%emt
00:00:38]} 12. Bxf6 {[%clk 01:05:13]} {[%emt 00:01:42]} Qxf6 {[%clk 01:16:12]}
{[%emt 00:01:23]} 13. Ba4 {[%clk 00:57:46]} {[%emt 00:07:58]} h5 {[%clk
01:13:01]} {[%emt 00:03:41]} 14. Nd2 {[%clk 00:49:21]} {[%emt 00:08:55]} Qf4
{[%clk 01:10:40]} {[%emt 00:02:51]} 15. Nc4 {[%clk 00:47:36]} {[%emt 00:02:14]}
h4 {[%clk 01:08:07]} {[%emt 00:03:04]} 16. Nxd6+ {[%clk 00:46:38]} {[%emt
00:01:28]} cxd6 {[%clk 01:07:15]} {[%emt 00:01:22]} 17. Ne2 {[%clk 00:46:37]}
{[%emt 00:00:30]} Qg5 {[%clk 01:06:08]} {[%emt 00:01:37]} 18. Qc1 {[%clk
00:37:43]} {[%emt 00:09:25]} Qxc1 {[%clk 01:03:29]} {[%emt 00:03:09]} 19. Rfxc1
{[%clk 00:37:04]} {[%emt 00:01:08]} a6 {[%clk 01:00:45]} {[%emt 00:03:14]} 20.
Nf4 {[%clk 00:36:51]} {[%emt 00:00:43]} Bf5 {[%clk 00:57:44]} {[%emt 00:03:31]}
21. d5 {[%clk 00:30:49]} {[%emt 00:06:32]} b5 {[%clk 00:56:02]} {[%emt
00:02:12]} 22. Bxb5 {[%clk 00:28:53]} {[%emt 00:02:26]} axb5 {[%clk 00:56:15]}
{[%emt 00:00:17]} 23. dxc6 {[%clk 00:29:12]} {[%emt 00:00:11]} Ra6 {[%clk
00:52:49]} {[%emt 00:03:55]} 24. Ne2 {[%clk 00:27:23]} {[%emt 00:02:20]} Bd3
{[%clk 00:50:26]} {[%emt 00:02:53]} 25. Nd4 {[%clk 00:26:03]} {[%emt 00:01:51]}
e5 {[%clk 00:50:03]} {[%emt 00:00:53]} 26. Rd1 {[%clk 00:25:05]} {[%emt
00:01:27]} Bc4 {[%clk 00:45:07]} {[%emt 00:05:26]} 27. Nf5 {[%clk 00:19:02]}
{[%emt 00:06:34]} Rxc6 {[%clk 00:41:23]} {[%emt 00:04:15]} 28. Nxd6+ {[%clk
00:15:54]} {[%emt 00:03:38]} Ke7 {[%clk 00:40:34]} {[%emt 00:01:17]} 29. Nxc4
{[%clk 00:15:29]} {[%emt 00:00:56]} bxc4 {[%clk 00:39:59]} {[%emt 00:01:05]}
30. Rd5 {[%clk 00:14:33]} {[%emt 00:01:25]} Ke6 {[%clk 00:39:29]} {[%emt
00:01:00]} 31. Rb5 {[%clk 00:13:59]} {[%emt 00:01:04]} Rd8 {[%clk 00:38:06]}
{[%emt 00:01:53]} 32. a4 {[%clk 00:12:45]} {[%emt 00:01:45]} Rd5 {[%clk
00:37:24]} {[%emt 00:01:12]} 33. Rxd5 {[%clk 00:10:58]} {[%emt 00:02:17]} Kxd5
{[%clk 00:37:45]} {[%emt 00:00:09]} 34. Kf1 {[%clk 00:10:42]} {[%emt 00:00:46]}
Ke4 {[%clk 00:37:25]} {[%emt 00:00:50]} 35. Ke2 {[%clk 00:10:48]} {[%emt
00:00:23]} Rg6 {[%clk 00:37:21]} {[%emt 00:00:34]} 36. a5 {[%clk 00:04:45]}
{[%emt 00:06:34]} Ra6 {[%clk 00:37:44]} {[%emt 00:00:07]} 37. Kd2 {[%clk
00:04:41]} {[%emt 00:00:33]} f5 {[%clk 00:37:06]} {[%emt 00:01:07]} 38. Kc2
{[%clk 00:04:46]} {[%emt 00:00:25]} f4 {[%clk 00:36:02]} {[%emt 00:01:33]} 39.
b4 {[%clk 00:04:48]} {[%emt 00:00:30]} cxb3+ {[%clk 00:36:22]} {[%emt
00:00:10]} 40. Kxb3 {[%clk 00:05:14]} {[%emt 00:00:03]} f3 {[%clk 00:36:20]}
{[%emt 00:00:33]} 41. Ra4+ {[%clk 00:05:11]} {[%emt 00:00:33]} Kd3 {[%clk
00:36:08]} {[%emt 00:00:41]} 42. gxf3 {[%clk 00:04:59]} {[%emt 00:00:42]} Ke2
{[%clk 00:36:01]} {[%emt 00:00:37]} 43. Re4+ {[%clk 00:04:37]} {[%emt
00:00:53]} Kxf3 {[%clk 00:35:46]} {[%emt 00:00:44]} 44. Rxe5 {[%clk 00:04:34]}
{[%emt 00:00:34]} Kf4 {[%clk 00:33:52]} {[%emt 00:02:23]} 45. Rd5 {[%clk
00:02:32]} {[%emt 00:02:33]} g5 {[%clk 00:33:41]} {[%emt 00:00:41]} 46. Kb4
{[%clk 00:02:38]} {[%emt 00:00:24]} g4 {[%clk 00:33:58]} {[%emt 00:00:12]} 47.
Rd4 {[%clk 00:02:30]} {[%emt 00:00:38]} 1-0

[Event "DVM U14 2021"]
[Site "Willingen GER"]
[Date "2022.08.13"]
[Round "1"]
[White "Negru, Maximilian"]
[Black "Stiehl, Richard"]
[Result "1-0"]
[Termination "normal"]
[Board "7.4"]
[WhiteElo "1187"]
[BlackElo "1272"]
[WhiteClock "00:21:32"]
[BlackClock "00:14:05"]
[WhiteTeam "SK Bad Homburg 1927"]
[BlackTeam "SV Multatuli Ingelheim"]
[PlyCount "69"]
[WhiteFideId "16298136"]
[BlackFideId "16298063"]
[EventCountry "GER"]
[EventRounds "7"]
[EventType "team-swiss"]
[EventDate "2022.08.12"]

1. e4 {[%clk 01:30:57]} {[%emt 00:00:02]} e5 {[%clk 01:30:57]} {[%emt
00:00:04]} 2. Nf3 {[%clk 01:31:23]} {[%emt 00:00:05]} Nc6 {[%clk 01:31:22]}
{[%emt 00:00:05]} 3. Bc4 {[%clk 01:31:48]} {[%emt 00:00:05]} Bc5 {[%clk
01:31:47]} {[%emt 00:00:05]} 4. c3 {[%clk 01:32:15]} {[%emt 00:00:03]} Nf6
{[%clk 01:32:09]} {[%emt 00:00:08]} 5. d4 {[%clk 01:32:40]} {[%emt 00:00:05]}
exd4 {[%clk 01:32:31]} {[%emt 00:00:08]} 6. cxd4 {[%clk 01:33:04]} {[%emt
00:00:06]} Bb4+ {[%clk 01:32:52]} {[%emt 00:00:08]} 7. Bd2 {[%clk 01:33:14]}
{[%emt 00:00:21]} Bxd2+ {[%clk 01:31:24]} {[%emt 00:01:58]} 8. Nbxd2 {[%clk
01:33:34]} {[%emt 00:00:09]} d6 {[%clk 01:31:06]} {[%emt 00:00:47]} 9. d5
{[%clk 01:33:45]} {[%emt 00:00:20]} Ne7 {[%clk 01:31:01]} {[%emt 00:00:34]} 10.
O-O {[%clk 01:33:34]} {[%emt 00:00:42]} O-O {[%clk 01:31:24]} {[%emt 00:00:08]}
11. Re1 {[%clk 01:30:53]} {[%emt 00:03:10]} a6 {[%clk 01:23:56]} {[%emt
00:07:58]} 12. h3 {[%clk 01:26:32]} {[%emt 00:04:51]} Re8 {[%clk 01:24:01]}
{[%emt 00:00:25]} 13. Qb3 {[%clk 01:21:00]} {[%emt 00:06:02]} b5 {[%clk
01:17:55]} {[%emt 00:06:36]} 14. Bf1 {[%clk 01:14:25]} {[%emt 00:07:05]} Ng6
{[%clk 01:14:34]} {[%emt 00:03:51]} 15. a4 {[%clk 01:14:06]} {[%emt 00:00:50]}
bxa4 {[%clk 01:09:23]} {[%emt 00:05:41]} 16. Rxa4 {[%clk 01:10:29]} {[%emt
00:04:06]} Nd7 {[%clk 01:08:06]} {[%emt 00:01:47]} 17. Qa2 {[%clk 01:03:42]}
{[%emt 00:07:17]} Bb7 {[%clk 00:58:29]} {[%emt 00:10:07]} 18. b4 {[%clk
00:48:44]} {[%emt 00:15:28]} Qc8 {[%clk 00:52:43]} {[%emt 00:06:16]} 19. Ra5
{[%clk 00:44:49]} {[%emt 00:04:25]} Nge5 {[%clk 00:43:58]} {[%emt 00:09:15]}
20. Nxe5 {[%clk 00:37:55]} {[%emt 00:07:23]} Rxe5 {[%clk 00:41:04]} {[%emt
00:03:25]} 21. Ra1 {[%clk 00:34:09]} {[%emt 00:04:16]} Nb8 {[%clk 00:32:46]}
{[%emt 00:08:49]} 22. b5 {[%clk 00:33:42]} {[%emt 00:00:57]} Qd8 {[%clk
00:29:05]} {[%emt 00:04:10]} 23. bxa6 {[%clk 00:32:32]} {[%emt 00:01:40]} Bc8
{[%clk 00:28:25]} {[%emt 00:01:10]} 24. a7 {[%clk 00:31:59]} {[%emt 00:01:03]}
Nd7 {[%clk 00:28:37]} {[%emt 00:00:18]} 25. Bb5 {[%clk 00:29:32]} {[%emt
00:02:57]} Bb7 {[%clk 00:27:38]} {[%emt 00:01:29]} 26. Bxd7 {[%clk 00:29:12]}
{[%emt 00:00:50]} Qxd7 {[%clk 00:26:59]} {[%emt 00:01:10]} 27. Rb1 {[%clk
00:29:29]} {[%emt 00:00:13]} c6 {[%clk 00:23:45]} {[%emt 00:03:44]} 28. Nc4
{[%clk 00:19:57]} {[%emt 00:10:02]} Re7 {[%clk 00:21:30]} {[%emt 00:02:45]} 29.
Nb6 {[%clk 00:19:38]} {[%emt 00:00:49]} Qd8 {[%clk 00:16:25]} {[%emt 00:05:35]}
30. Nxa8 {[%clk 00:19:56]} {[%emt 00:00:12]} Qxa8 {[%clk 00:16:48]} {[%emt
00:00:07]} 31. Qb3 {[%clk 00:20:13]} {[%emt 00:00:13]} g6 {[%clk 00:13:47]}
{[%emt 00:03:31]} 32. Qxb7 {[%clk 00:20:20]} {[%emt 00:00:23]} Rxb7 {[%clk
00:13:53]} {[%emt 00:00:24]} 33. Rxb7 {[%clk 00:20:44]} {[%emt 00:00:06]} Qxb7
{[%clk 00:13:51]} {[%emt 00:00:33]} 34. a8=Q+ {[%clk 00:21:06]} {[%emt
00:00:08]} Qxa8 {[%clk 00:14:05]} {[%emt 00:00:16]} 35. Rxa8+ {[%clk 00:21:32]}
{[%emt 00:00:04]} 1-0

[Event "DVM U14 2021"]
[Site "Willingen GER"]
[Date "2022.08.13"]
[Round "1"]
[White "Tran, Anh Duc Kevin"]
[Black "Gotfried, Elias"]
[Result "1/2-1/2"]
[Termination "normal"]
[Board "9.3"]
[WhiteElo "1398"]
[BlackElo "1589"]
[WhiteClock "00:54:28"]
[BlackClock "01:08:28"]
[WhiteTeam "USV Erfurt"]
[BlackTeam "Stuttgarter SF 1879"]
[PlyCount "40"]
[WhiteFideId "34608125"]
[BlackFideId "34630171"]
[EventCountry "GER"]
[EventRounds "7"]
[EventType "team-swiss"]
[EventDate "2022.08.12"]

1. e4 {[%clk 01:30:57]} {[%emt 00:00:04]} e6 {[%clk 01:31:08]} 2. d4 {[%clk
01:31:21]} d5 {[%clk 01:31:10]} 3. e5 {[%clk 01:31:48]} c5 {[%clk 01:31:35]} 4.
c3 {[%clk 01:32:13]} Nc6 {[%clk 01:31:47]} 5. Nf3 {[%clk 01:32:36]} Qb6 {[%clk
01:30:53]} 6. b3 {[%clk 01:31:43]} cxd4 {[%clk 01:30:29]} 7. cxd4 {[%clk
01:31:23]} Nh6 {[%clk 01:29:38]} 8. Bb2 {[%clk 01:30:45]} Bb4+ {[%clk
01:27:27]} 9. Nc3 {[%clk 01:10:39]} Nf5 {[%clk 01:23:46]} 10. a3 {[%clk
01:07:19]} Be7 {[%clk 01:19:49]} 11. Na4 {[%clk 01:04:52]} Qd8 {[%clk
01:19:11]} 12. Be2 {[%clk 01:04:22]} Bd7 {[%clk 01:18:04]} 13. Rc1 {[%clk
01:03:20]} O-O {[%clk 01:18:00]} 14. O-O {[%clk 00:56:30]} f6 {[%clk 01:13:38]}
15. Nc5 {[%clk 00:56:07]} Bxc5 {[%clk 01:13:37]} 16. Rxc5 {[%clk 00:56:07]}
fxe5 {[%clk 01:12:48]} 17. dxe5 {[%clk 00:55:00]} Be8 {[%clk 01:09:26]} 18. Nd4
{[%clk 00:54:38]} Ncxd4 {[%clk 01:09:43]} 19. Bxd4 {[%clk 00:54:17]} Nxd4
{[%clk 01:09:48]} 20. Qxd4 {[%clk 00:54:28]} b6 {[%clk 01:08:28]} 1/2-1/2

[Event "DVM U14 2021"]
[Site "Willingen GER"]
[Date "2022.08.13"]
[Round "1"]
[White "Kiefhaber, Tobias"]
[Black "Herfurt, Manuel"]
[Result "1/2-1/2"]
[Termination "normal"]
[Board "10.2"]
[WhiteElo "1581"]
[BlackElo "1656"]
[WhiteClock "00:44:54"]
[BlackClock "00:30:34"]
[WhiteTeam "Karlsruher SF 1853"]
[BlackTeam "SC ML Kastellaun"]
[PlyCount "48"]
[WhiteFideId "16240693"]
[BlackFideId "34623124"]
[EventCountry "GER"]
[EventRounds "7"]
[EventType "team-swiss"]
[EventDate "2022.08.12"]

1. d4 {[%clk 01:30:57]} {[%emt 00:00:02]} d5 {[%clk 01:30:54]} {[%emt
00:00:06]} 2. Nf3 {[%clk 01:31:15]} {[%emt 00:00:12]} Nf6 {[%clk 01:31:15]}
{[%emt 00:00:09]} 3. c4 {[%clk 01:30:40]} {[%emt 00:01:05]} e6 {[%clk
01:30:34]} {[%emt 00:01:11]} 4. Bg5 {[%clk 01:30:32]} {[%emt 00:00:37]} Be7
{[%clk 01:29:54]} {[%emt 00:01:10]} 5. e3 {[%clk 01:29:50]} {[%emt 00:01:12]}
O-O {[%clk 01:28:29]} {[%emt 00:01:55]} 6. c5 {[%clk 01:28:06]} {[%emt
00:02:15]} b6 {[%clk 01:23:24]} {[%emt 00:05:35]} 7. b4 {[%clk 01:26:15]}
{[%emt 00:02:21]} a5 {[%clk 01:19:39]} {[%emt 00:04:15]} 8. Bxf6 {[%clk
01:18:28]} {[%emt 00:08:16]} Bxf6 {[%clk 01:19:53]} {[%emt 00:00:16]} 9. cxb6
{[%clk 01:16:52]} {[%emt 00:02:06]} cxb6 {[%clk 01:17:40]} {[%emt 00:02:42]}
10. b5 {[%clk 01:15:58]} {[%emt 00:01:24]} Nd7 {[%clk 01:15:47]} {[%emt
00:02:23]} 11. a4 {[%clk 01:14:28]} {[%emt 00:02:01]} Bb7 {[%clk 01:11:08]}
{[%emt 00:05:08]} 12. Be2 {[%clk 01:12:38]} {[%emt 00:02:20]} Rc8 {[%clk
01:08:00]} {[%emt 00:03:37]} 13. Nbd2 {[%clk 01:09:50]} {[%emt 00:03:19]} Qe7
{[%clk 01:04:23]} {[%emt 00:04:07]} 14. Qb3 {[%clk 01:08:49]} {[%emt 00:01:31]}
Rc7 {[%clk 00:59:16]} {[%emt 00:05:37]} 15. O-O {[%clk 01:05:48]} {[%emt
00:03:32]} Rfc8 {[%clk 00:58:56]} {[%emt 00:00:50]} 16. Ne1 {[%clk 01:04:05]}
{[%emt 00:02:13]} e5 {[%clk 00:43:11]} {[%emt 00:16:15]} 17. dxe5 {[%clk
00:58:24]} {[%emt 00:06:10]} Bxe5 {[%clk 00:42:43]} {[%emt 00:00:58]} 18. Rd1
{[%clk 00:57:54]} {[%emt 00:01:00]} Rc3 {[%clk 00:39:21]} {[%emt 00:03:53]} 19.
Qb1 {[%clk 00:56:24]} {[%emt 00:02:00]} Ra3 {[%clk 00:37:03]} {[%emt 00:02:47]}
20. Bd3 {[%clk 00:51:55]} {[%emt 00:05:00]} Ra1 {[%clk 00:34:57]} {[%emt
00:02:36]} 21. Qxa1 {[%clk 00:45:54]} {[%emt 00:06:31]} Bxa1 {[%clk 00:35:17]}
{[%emt 00:00:10]} 22. Rxa1 {[%clk 00:46:21]} {[%emt 00:00:02]} Ne5 {[%clk
00:33:27]} {[%emt 00:02:20]} 23. Bf5 {[%clk 00:45:44]} {[%emt 00:01:07]} Rc7
{[%clk 00:32:44]} {[%emt 00:01:13]} 24. Nef3 {[%clk 00:44:54]} {[%emt
00:01:20]} g6 {[%clk 00:30:34]} {[%emt 00:02:40]} 1/2-1/2